| 000 | 01627 a2200265 4500 | ||
|---|---|---|---|
| 003 | Nust | ||
| 005 | 20220803111341.0 | ||
| 010 | _a 2006494128 | ||
| 020 | _a0852961073 | ||
| 035 | _a(CStRLIN)UKCG3479351-B | ||
| 035 | _a(UkCU)3479351 | ||
| 040 | _cNust | ||
| 082 | _a621.317,STE | ||
| 100 | 1 |
_aStewart, Stan. _996389 |
|
| 245 | 1 | 0 |
_aDistribution Switchgear / _cStan Stewart. |
| 260 |
_aLondon : _bInstitution of Electrical Engineers, _cc2004. |
||
| 300 |
_axiv, 246 p. : _bill. ; _c25 cm. |
||
| 440 | 0 |
_aIEE power and energy series ; _v46 _996390 |
|
| 505 |
_aBasics and general principles (Page-1), Interruption techniques (Page-9), Fault level calculations (Page-31), Symmetrical and asymmetrical fault currents (Page-43), Electromagnetic forces and contact design (Page-55), Switching transients (Page-71), Insulation (Page-87), Operating mechanisms (Page-103), Primary switchgear (Page-119), Cable connected secondary switchgear (Page-135), Overhead conductor connected secondary switchgear (Page-153), High-voltage fuse-links (Page-175), Switchgear type tests (Page-187)Product conformity, quality control and service problem resolution (Page-211),Cost of ownership (Page-221), The future (Page-225), Further reading (Page-231), National, international and customer specifications (Page-235), _g _r , |
||
| 650 | 0 | _aTelecommunication Engineering | |
| 710 | 2 | _aInstitution of Electrical Engineers. | |
| 856 | 4 | 1 |
_3Publisher description _uhttp://www.loc.gov/catdir/enhancements/fy0652/2006494128-d.html |
| 856 | 4 | 1 |
_3Table of contents only _uhttp://www.loc.gov/catdir/toc/fy0702/2006494128.html |
| 942 |
_2ddc _cREF |
||
| 999 |
_c176964 _d176964 |
||